[Event "Titovo Uzice"]
[Site "?"]
[Date "1978.??.??"]
[Round "8"]
[White "Ljubojevic Ljubomir"]
[Black "Kurajica Bojan"]
[Result "1-0"]
[WhiteElo "2605"]
[BlackElo "2530"]
[PlyCount "151"]
[EventDate "1978.??.??"]
[Source "www.chesslib.no"]
[SourceDate "2004.05.04"]

1. e4 c6 2. d3 d5 3. Nd2 Qc7 4. Ngf3 Bg4 5. Be2 e6 6. O-O Nd7 7. b3 Ngf6 8. Bb2 Bd6 9. h3 Bxf3 10. Bxf3 Ne5 11. Re1 O-O-O 12. a3 h5 13. Qe2 Rde8 14. c4 dxc4 15. d4 Nd3 16. e5 Nxb2 17. bxc4 Bxe5 18. dxe5 Nd7 19. Ne4 Qxe5 20. c5 Kc7 21. Rab1 f5 22. Nd6 Qxe2 23. Rxe2 Rb8 24. Rexb2 Nxc5 25. Rc2 Kxd6 26. Rd1+ Ke7 27. Rxc5 g6 28. a4 Rbd8 29. Rb1 Rd7 30. a5 a6 31. Be2 Kf6 32. f4 h4 33. Re5 Re8 34. Re3 Ree7 35. Reb3 e5 36. fxe5+ Rxe5 37. Bf1 Ree7 38. Kf2 Kg5 39. R1b2 Kf6 40. Be2 Kg5 41. Rb4 Rh7 42. Bf3 Kf6 43. Rc4 Rd3 44. Ke2 Rdd7 45. Rb3 Rhe7+ 46. Re3 g5 47. Rb4 Rxe3+ 48. Kxe3 Re7+ 49. Kd4 Re5 50. Rxb7 Rxa5 51. Bxc6 Ra3 52. Rh7 a5 53. Bd5 Rg3 54. Rf7+ Kg6 55. Rf8 g4 56. hxg4 fxg4 57. Ke5 h3 58. Rg8+ Kh7 59. gxh3 Rxh3 60. Rg5 Rh2 61. Be6 a4 62. Bf5+ Kh6 63. Kf6 Rb2 64. Rg8 Rb6+ 65. Be6 Rb7 66. Rxg4 Rb5 67. Rxa4 Rg5 68. Rh4+ Rh5 69. Rg4 Ra5 70. Bc4 Rc5 71. Bf7 Rc6+ 72. Be6 Rc5 73. Rg8 Rc7 74. Rg6+ Kh7 75. Rg1 Kh8 76. Rd1 1-0

[Event "6. EICC"]
[Site "?"]
[Date "2005.06.29"]
[Round "11"]
[White "Movsesian Sergei"]
[Black "Pantsulaia Levan"]
[Result "1/2-1/2"]
[WhiteElo "2628"]
[BlackElo "2496"]
[PlyCount "67"]
[EventDate "2005.??.??"]
[Source "www.chesslib.no"]
[SourceDate "2004.05.04"]

1. e4 c6 2. d3 d5 3. Nd2 e5 4. Ngf3 Bd6 5. d4 exd4 6. exd5 Qe7+ 7. Qe2 cxd5 8. Nxd4 Nc6 9. N2b3 Bg4 10. Qxe7+ Ngxe7 11. f3 Bd7 12. c3 O-O 13. Be3 Ne5 14. O-O-O a6 15. Bf2 Rfc8 16. Kb1 b5 17. Bg3 f6 18. Bd3 Kf7 19. Rhe1 h5 20. Bc2 a5 21. Nc1 Ra6 22. Nd3 Nc4 23. Bxd6 Rxd6 24. h4 Nf5 25. Nf4 Nxh4 26. g3 g5 27. gxh4 gxf4 28. Rg1 Ne5 29. Rd2 Rg8 30. Rxg8 Kxg8 31. Rg2+ Kf7 32. Bh7 b4 33. cxb4 axb4 34. Bc2 1/2-1/2

[Event "IBM"]
[Site "Amsterdam"]
[Date "1979.??.??"]
[Round "5"]
[White "Sax, Gyula"]
[Black "Torre, Eugenio"]
[Result "0-1"]
[WhiteElo "2590"]
[BlackElo "2520"]
[PlyCount "104"]
[EventDate "1979.07.??"]
[Source "ChessBase"]

1. e4 c6 2. d3 e5 3. Nf3 Nf6 4. g3 Be7 5. Bg2 O-O 6. O-O d6 7. h3 Re8 8. c4 Bf8 9. Nc3 Na6 10. Ne1 Nd7 11. Rb1 Nc7 12. f4 exf4 13. gxf4 f5 14. Nf3 Nf6 15. e5 Nh5 16. d4 Ne6 17. Ne2 d5 18. cxd5 Qxd5 19. Ng5 Qd8 20. Qb3 h6 21. Nf3 g6 22. Be3 Kh7 23. Rbd1 Nc7 24. Nc3 Ne6 25. Nh2 Qb6 26. Qxb6 axb6 27. d5 cxd5 28. Nxd5 Rxa2 29. Bf3 Neg7 30. Nc7 Re7 31. Nd5 Rf7 32. Nxb6 Be6 33. Rf2 Nxf4 34. Bxf4 Bc5 35. Nd5 Bxf2+ 36. Kxf2 Rxb2+ 37. Kg1 g5 38. Nf6+ Kg6 39. h4 gxf4 40. h5+ Kg5 41. Bg2 f3 42. Nxf3+ Kf4 43. Rd4+ Ke3 44. Rd1 Rc7 45. Ne1 Rd2 46. Rb1 Ba2 47. Ra1 Ne6 48. Ne8 Rc3 49. Bxb7 Kf4 50. Ng2+ Kg5 51. Nd6 Rb2 52. Be4 Rg3 0-1

[Event "CRO-chT"]
[Site "Pula"]
[Date "2001.09.11"]
[Round "2"]
[White "Stevic, Hrvoje"]
[Black "Gyimesi, Zoltan"]
[Result "1-0"]
[WhiteElo "2485"]
[BlackElo "2602"]
[PlyCount "97"]
[EventDate "2001.09.10"]
[Source "ChessBase"]
[SourceDate "2001.10.26"]

1. e4 c6 2. d3 e5 3. g3 d5 4. Nd2 dxe4 5. dxe4 Be6 6. Ngf3 f6 7. Bg2 Bc5 8. O-O Ne7 9. Qe2 O-O 10. Nb3 Bb6 11. Nfd2 Nd7 12. Nc4 Bc7 13. Rd1 Qe8 14. Be3 Qf7 15. Nd6 Bxd6 16. Rxd6 Nc8 17. Rd2 Ndb6 18. Nc5 Re8 19. b3 Rb8 20. Rad1 Ne7 21. Nxe6 Qxe6 22. Rd6 Qf7 23. Bh3 Ng6 24. a4 Qc7 25. Rd7 Nxd7 26. Rxd7 Qc8 27. Rxg7+ Kxg7 28. Bxc8 Rbxc8 29. Bxa7 Rc7 30. Be3 Rf7 31. Qh5 Rd8 32. Bh6+ Kg8 33. h4 Rd4 34. Qf5 Ne7 35. Qg4+ Kh8 36. Qe6 Kg8 37. Qg4+ Kh8 38. Be3 Rd8 39. Bc5 Ng8 40. Qe6 Kg7 41. Be3 Re7 42. Qf5 Kh8 43. h5 Ra8 44. h6 Rd8 45. Bc5 Rf7 46. Qe6 Rdd7 47. Bf8 Rd1+ 48. Kg2 Rxf8 49. Qg4 1-0

[Event "Banja Luka"]
[Site "Banja Luka"]
[Date "1976.??.??"]
[Round "14"]
[White "Planinec, Albin"]
[Black "Hort, Vlastimil"]
[Result "1/2-1/2"]
[WhiteElo "2485"]
[BlackElo "2600"]
[PlyCount "37"]
[EventDate "1976.12.??"]
[Source "ChessBase"]

1. e4 c6 2. d3 d5 3. Nd2 g6 4. Ngf3 Bg7 5. g3 e5 6. Bg2 Ne7 7. O-O O-O 8. a4 Qc7 9. Re1 a5 10. c3 Na6 11. d4 exd4 12. Nxd4 Nc5 13. exd5 Nxd5 14. Nc4 Ne6 15. Nc2 Rd8 16. Qe2 b6 17. N2e3 Ba6 18. Qf3 h5 19. h4 1/2-1/2

[Event "RUS-ch"]
[Site "Elista"]
[Date "1996.??.??"]
[Round "11"]
[White "Beshukov, Sergei"]
[Black "Epishin, Vladimir"]
[Result "1/2-1/2"]
[WhiteElo "2460"]
[BlackElo "2620"]
[PlyCount "90"]
[EventDate "1996.10.15"]
[Source "ChessBase"]

1. e4 c6 2. d3 d5 3. Nd2 e5 4. Ngf3 Bd6 5. Qe2 d4 6. g3 Bg4 7. Bg2 f6 8. h3 Bh5 9. c3 c5 10. g4 Bf7 11. Nh4 Nc6 12. Nf5 g6 13. Nxd6+ Qxd6 14. c4 Nge7 15. Nf1 h5 16. g5 f5 17. h4 f4 18. Nd2 O-O 19. Bh3 Rfb8 20. O-O b5 21. b3 a5 22. cxb5 Rxb5 23. Nc4 Qb8 24. Nb2 Nc8 25. Bxc8 Qxc8 26. f3 Qh3 27. Qh2 Qxh2+ 28. Kxh2 Nb4 29. Bd2 a4 30. Bxb4 axb3 31. axb3 Rxa1 32. Rxa1 Rxb4 33. Ra8+ Kg7 34. Na4 Bxb3 35. Nxc5 Bd1 36. Ra7+ Kg8 37. Nd7 Rb5 38. Nf6+ Kf8 39. Rd7 Rb6 40. Kg2 Rb2+ 41. Kg1 Bxf3 42. Nh7+ Kg8 43. Nf6+ Kf8 44. Nh7+ Kg8 45. Nf6+ Kf8 1/2-1/2

[Event "II Campionato Italiano Lampo Online"]
[Site "playchess.com"]
[Date "2007.12.23"]
[Round "1.1"]
[White "Godena, Michele"]
[Black "Rombaldoni, Denis"]
[Result "1-0"]
[WhiteElo "2529"]
[BlackElo "2550"]
[PlyCount "29"]
[EventDate "2007.12.23"]
[Source "www.chesslib.no"]
[SourceDate "2004.05.04"]

1. e4 c6 2. d3 d5 3. Nd2 e5 4. Ngf3 Bd6 5. d4 exd4 6. exd5 c5 7. Bb5+ Bd7 8. Qe2+ Qe7 9. Ne4 Kf8 10. O-O Nf6 11. Nxd6 Qxd6 12. Re1 a6 13. Bf4 Qb6 14. Qe7+ Kg8 15. Ng5 1-0

[Event "Santo Antonio 5th"]
[Site "Santo Antonio"]
[Date "2002.05.21"]
[Round "2"]
[White "Galego, Luis"]
[Black "Campora, Daniel Hugo"]
[Result "1/2-1/2"]
[WhiteElo "2532"]
[BlackElo "2544"]
[PlyCount "29"]
[EventDate "2002.05.20"]
[Source "ChessBase"]
[SourceDate "2002.07.08"]

1. e4 c6 2. d3 d5 3. Nd2 dxe4 4. dxe4 e5 5. Ngf3 Nd7 6. Bc4 Be7 7. O-O Ngf6 8. a4 O-O 9. c3 Qc7 10. a5 Rb8 11. Nh4 Nc5 12. Qe2 b5 13. axb6 axb6 14. b4 Ne6 15. Nf5 1/2-1/2

[Event "Jugoslavija (ch)"]
[Site "?"]
[Date "1995.??.??"]
[Round "?"]
[White "Damljanovic, B."]
[Black "Kosic, D."]
[Result "1-0"]
[WhiteElo "2575"]
[BlackElo "2500"]
[PlyCount "89"]
[EventDate "1995.??.??"]
[Source "ChessBase"]
[SourceDate "1995.06.01"]

1. e4 c6 2. d3 d5 3. Nd2 g6 4. Ngf3 Bg7 5. g3 e5 6. Bg2 Ne7 7. O-O O-O 8. Re1 Nd7 9. b4 a5 10. c3 axb4 11. cxb4 Qc7 12. Bb2 Re8 13. a4 Nf8 14. b5 dxe4 15. dxe4 Bg4 16. h3 Bxf3 17. Nxf3 cxb5 18. axb5 Ne6 19. Bf1 Nd4 20. Nxd4 exd4 21. Rxa8 Rxa8 22. Qb3 Nc8 23. e5 Nb6 24. Bxd4 Rd8 25. Bxb6 Qxb6 26. e6 Rf8 27. e7 Re8 28. Qd5 Qd4 29. Qxb7 Be5 30. Re4 Qd6 31. b6 Kg7 32. Qa7 Qc5 33. Rxe5 Qxe5 34. b7 Kf6 35. Bg2 Rb8 36. f4 Qd6 37. Qe3 Re8 38. h4 Qd1+ 39. Kh2 Qd6 40. Kg1 Qd1+ 41. Kh2 Qd6 42. g4 h6 43. g5+ hxg5 44. hxg5+ Kg7 45. Qe5+ 1-0

[Event "Boeblingen Open"]
[Site "?"]
[Date "1996.??.??"]
[Round "?"]
[White "Movsziszian Karen"]
[Black "Dautov Rustem"]
[Result "1-0"]
[WhiteElo "2450"]
[BlackElo "2615"]
[PlyCount "114"]
[EventDate "1996.??.??"]
[Source "www.chesslib.no"]
[SourceDate "2004.05.04"]

1. e4 c6 2. d3 d5 3. Nd2 g6 4. g3 Bg7 5. Bg2 e5 6. Ngf3 Ne7 7. O-O O-O 8. c3 h6 9. Re1 Nd7 10. d4 exd4 11. Nxd4 Nc5 12. exd5 Nxd5 13. N2b3 Na4 14. Qc2 Bd7 15. Bd2 Qb6 16. a3 Rfe8 17. c4 c5 18. Ba5 Qf6 19. Bxd5 cxd4 20. Bxb7 Bf5 21. Qd2 Rxe1+ 22. Qxe1 Rb8 23. Bd5 d3 24. Nd2 Nxb2 25. Rb1 Rc8 26. Qe3 Qa6 27. Bb4 Be6 28. Bxe6 Qxe6 29. Rc1 Qxe3 30. fxe3 Na4 31. Nb3 Bf8 32. Kf2 Nb2 33. Nd2 Bg7 34. Kf3 f5 35. c5 Kf7 36. Nc4 Nxc4 37. Rxc4 Ke6 38. e4 Rd8 39. c6 Rd4 40. exf5+ gxf5 41. Rxd4 Bxd4 42. Bd2 Kd6 43. Kf4 Kxc6 44. Kxf5 Kd5 45. Bxh6 Bc3 46. g4 a5 47. h4 a4 48. h5 Bb4 49. Be3 Bc5 50. Bd2 Bxa3 51. h6 Bb2 52. g5 a3 53. g6 a2 54. g7 Bxg7 55. hxg7 a1=Q 56. g8=Q+ Kc5 57. Qc8+ Kb5 1-0

[Event "JUG-ch"]
[Site "JUG"]
[Date "1989.??.??"]
[Round "?"]
[White "Todorcevic, Miodrag"]
[Black "Ivanovic, Bozidar"]
[Result "0-1"]
[WhiteElo "2535"]
[BlackElo "2530"]
[PlyCount "106"]
[EventDate "1989.02.??"]
[Source "ChessBase"]

1. e4 c6 2. d3 e5 3. g3 d5 4. Nd2 Nf6 5. Ngf3 Bd6 6. Bg2 O-O 7. O-O Re8 8. b3 Bg4 9. h3 Bxf3 10. Qxf3 Bb4 11. Nb1 Nbd7 12. a3 Bc5 13. b4 Bb6 14. Bb2 Nf8 15. Qe2 a5 16. Nd2 Ng6 17. Nb3 axb4 18. axb4 Qd6 19. Bc3 Rxa1 20. Rxa1 h5 21. h4 dxe4 22. dxe4 Ng4 23. Be1 Qf6 24. Nc5 Qe7 25. Nd3 Nf6 26. Bd2 Nf8 27. Bf3 g6 28. Nb2 Ne6 29. c3 Bc7 30. Be3 Qf8 31. Ra7 b5 32. Nd3 Ra8 33. Qa2 Rxa7 34. Qxa7 Qd8 35. Nc5 Nxc5 36. bxc5 Ng4 37. Bg5 f6 38. Bxg4 hxg4 39. Be3 Qd7 40. Qa8+ Kg7 41. Kg2 Bd8 42. Qb8 Ba5 43. c4 bxc4 44. Qa8 Bc3 45. Qa2 Bd4 46. Qd2 c3 47. Qd3 Qe6 48. Bxd4 exd4 49. Qxd4 c2 50. Qd2 Qxe4+ 51. Kh2 Qf5 52. Qe3 c1=Q 53. Qe7+ Kh6 0-1

[Event "1st Sea Chess TCh, Kuala Lumpur MAI"]
[Site "?"]
[Date "2001.??.??"]
[Round "1"]
[White "Antonio, R."]
[Black "Nguyen Anh Dung"]
[Result "1-0"]
[WhiteElo "2535"]
[BlackElo "2530"]
[PlyCount "73"]
[EventDate "2001.??.??"]
[Source "www.chesslib.no"]
[SourceDate "2004.05.04"]

1. e4 c6 2. d3 d5 3. Nd2 Nf6 4. Ngf3 Bg4 5. Be2 e6 6. O-O Be7 7. b3 O-O 8. Bb2 c5 9. h3 Bh5 10. Ne5 Bxe2 11. Qxe2 Re8 12. Ndf3 Nbd7 13. Rfe1 Nxe5 14. Nxe5 Qc7 15. Ng4 d4 16. Nxf6+ Bxf6 17. e5 Bg5 18. Qg4 Bd2 19. Re2 Qa5 20. h4 Rac8 21. h5 h6 22. a4 Bc3 23. Bxc3 dxc3 24. Re3 Kh8 25. Rg3 Rg8 26. Qf4 Rc7 27. Re1 Qb4 28. Re4 Qa3 29. Qe3 Qb2 30. Reg4 Kh7 31. Qe4+ Kh8 32. Qf4 Kh7 33. Kh2 g5 34. hxg6+ fxg6 35. Rh4 h5 36. Qe4 Kh6 37. Rxh5+ 1-0